| 000 | 006880000a22001930004500 | ||
|---|---|---|---|
| 090 |
_aAR _b03249 |
||
| 245 | 1 | 0 | _aTwin issues of group size and homogeneity |
| 500 | _a<Valoración y equidad> | ||
| 650 | 1 | 4 |
_aEconomía _993484 |
| 650 | 1 | 4 |
_aAcción participativa _995567 |
| 650 | 1 | 4 |
_aRecursos naturales _992719 |
| 650 | 1 | 4 |
_aComunidades locales _93678 |
| 650 | 1 | 4 |
_aAspectos socioculturales _92478 |
| 650 | 1 | 4 |
_aHeterogeneidad de intereses _996830 |
| 041 | 0 | _aInglés | |
| 100 | 1 |
_aOlson, Mancur _996831 |
|
| 942 | _cARTICULO | ||
| 773 | 1 |
_tHalting degradation of natural resources: is there a role for rural communities?/Baland, Jean Marine, Platteau, Jean Philippe _31433 _q298-313 _d1996 |
|
| 999 |
_c12303 _d12303 |
||